| 000 | 00435nam a2200181Ia 4500 | ||
|---|---|---|---|
| 001 | 2540 | ||
| 005 | 20260306144814.0 | ||
| 008 | 260306t2016||||xx |||||||||||||| ||spa|| | ||
| 041 | _aESP | ||
| 082 |
_a616.8914 _bS734 |
||
| 100 |
_aSeikkula, Jaakko _eAUT |
||
| 245 | 0 | _aDiálogos terapéuticos en la red social | |
| 260 | _c2016 | ||
| 300 |
_a312 páginas : _c22 cm. |
||
| 650 | _aGEN | ||
| 654 | _aCPS | ||
| 942 |
_cLIB _dJUS _fJUS _2ddc _n |
||
| 999 |
_c2540 _d2540 |
||